| 000 | 00729cam a22002413a 4500 | ||
|---|---|---|---|
| 001 | 20985 | ||
| 003 | PGUSA | ||
| 005 | 20140828083439.0 | ||
| 008 | 070404s2007||||xxu|||||s|||||000 1 eng d | ||
| 040 |
_aPGUSA _beng |
||
| 042 | _adc | ||
| 050 | 4 | _aPZ | |
| 100 | 1 | _aWarren, George A. | |
| 245 | 1 | 4 |
_aThe Banner Boy Scouts on a Tour, ; _bor, The Mystery of Rattlesnake Mountain _h[electronic resource] / _cGeorge A. Warren |
| 260 |
_bProject Gutenberg, _c2007 |
||
| 506 | _aPublic domain in the USA. | ||
| 516 | _aElectronic text | ||
| 653 | _aBoy Scouts -- Juvenile fiction | ||
| 653 | _aCamping -- Juvenile fiction | ||
| 830 | 0 |
_aProject Gutenberg _v20985 |
|
| 856 | 4 | 0 | _uhttp://www.gutenberg.org/ebooks/20985 |
| 942 | _cEB | ||
| 999 |
_c250240 _d250240 |
||